000 00412cam a2200181ua 4500
001 3894
008 131205n1986 II |||gr||||Z||||||eng
040 _aMAIN
041 _aEnglish
082 _a936.2 09 MAH
100 _aMAHAJAN, V. D.
245 _aENGLAND SINCE 1688
250 _a9TH.
260 _aNEW DELHI
_bS.CHAND & COMPANY
_c1986
300 _a516:
_c24CM.
653 _aENGLAND HISTORY
942 _cBK
999 _c3881
_d3881